Top 10 : des pays qui voyagent - Statistiques

Statistiques générales
  • Ce quiz a été pris 416 fois
  • Le résultat moyen est 6 sur 10
Statistiques - réponses
Voyages à l'aller Voyages domestiques Total Pays % Correct
0.4 3.1 3.8 France
98%
0.2 6.5 6.7 États-Unis
93%
0.2 3.1 3.5 Espagne
79%
1.0 3.2 4.3 Canada
77%
0.4 3.4 4.1 Australie
59%
2.0 3.2 5.2 Norvége
37%
1.5 4.4 6.0 Suède
37%
1.7 5.8 7.5 Finlande
32%
1.4 3.9 5.3 Danemark
26%
0.5 3.8 4.3 Nouvelle-Zélande
25%
Aucun quiz correspondant
Distribution des résultats
% des personnes avec chaque résultat
Percentile par nombre de réponses
Votre historique - résultats
Vous n’avez pas pris ce quiz